000 00574nam a2200181Ia 4500
008 100920s9999 xx 000 0 und d
082 _b40638
_a24 थ 79
100 _aकेचे मधुकर.
245 _aवन्दे वन्दनम्र.
260 _bसंतोष साहित्य, मुंबई.
_c1979
300 _a154
_bसाधी
365 _b0
520 _aसायो.
630 _aवन्दे वन्दनम्र.
650 _aसायो.
730 _aवन्दे वन्दनम्र.
942 _cBOOK
999 _c691625
_d691622